000 00540nam a22001697a 4500
003 OSt
005 20260119161025.0
008 260119b |||||||| |||| 00| 0 eng d
040 _cMRSPTU
041 _aEnglish
100 _aDhartbeer Singh, Supervisor: Dr. Shaveta Rani
245 _aHybridization of Multipath-AODV and Secure-AODV for Mobile Ad-hoc Networks
260 _bDepartment of CSE, MRSPTU, Bathinda
_c2019
650 _aComputer Science
856 _uhttp://163.47.215.52:8080/jspui/handle/123456789/288
942 _2ddc
_cTH
_n0
999 _c10688
_d10688